| 000 | 00515nam a22001937a 4500 | ||
|---|---|---|---|
| 003 | OSt | ||
| 005 | 20180116183031.0 | ||
| 008 | 151221b xxu||||| |||| 00| 0 eng d | ||
| 020 | _a04-2354-2005-1 | ||
| 024 | _204-2354-2005-1 | ||
| 040 | _cLahore LUMS | ||
| 082 | _a174.4 LUM 2005 | ||
| 100 | _aAmir I | ||
| 245 |
_aTAPAL TEA PRIVATE LTD _cAmir I |
||
| 260 |
_aLahore LUMS _b Lahore University of Management Sciences _c2005 |
||
| 300 |
_a17 p. _bPapers |
||
| 440 | _aTAPAL TEA PRIVATE LTD | ||
| 942 |
_2ddc _cCS |
||
| 999 |
_c351032 _d351032 |
||